[Event "Klub Kölner SF 1 - SF Gerresheim 1"]
[Site "Oberliga NRW 2018/2019"]
[Date "2018.09.16"]
[Round "1.4"]
[White "Bonnmann, Reinhard"]
[Black "Van Lanen, Toon"]
[Result "1-0"]
[WhiteElo "2175"]
[BlackElo "2141"]
[PlyCount "151"]
[EventDate "2018.??.??"]
[WhiteTeam "Klub Kölner SF 1"]
[BlackTeam "SF Gerresheim 1"]

1. d4 d5 2. Nf3 c5 3. c4 e6 4. g3 Nc6 5. Bg2 Nf6 6. O-O Be7 7. cxd5 exd5 8.
dxc5 Bxc5 9. Bg5 O-O 10. Nc3 d4 11. Bxf6 Qxf6 12. Nd5 Qd6 13. Nd2 Be6 14. Nf4
Bb6 15. a3 Rfe8 16. Rc1 Rac8 17. Re1 Red8 18. b4 Qe7 19. Nxe6 Qxe6 20. Nc4 g6
21. Qd2 Rd7 22. Nxb6 axb6 23. b5 Ne7 24. Rxc8+ Nxc8 25. Rc1 Ne7 26. Qd3 Kf8 27.
h4 Qf5 28. Be4 Qe6 29. Rc4 Qd6 30. Bg2 Ke8 31. h5 f5 32. Ra4 Kf7 33. Ra8 Qe6
34. Qd2 gxh5 35. Qg5 Qg6 36. Qf4 Qg4 37. Qh6 Qg6 38. Qf4 Qg4 39. Qh6 Qg6 40.
Rf8+ Ke6 41. Qc1 Qg7 42. Qc4+ Kd6 43. Rf7 Qe5 44. Qb4+ Kc7 45. a4 Qxe2 46. a5
Qe5 47. a6 bxa6 48. bxa6 Nc8 49. Qc4+ Qc5 50. Qe6 Qd6 51. Qxf5 d3 52. Bf3 d2
53. Qxh5 Kb8 54. Bd1 Rxf7 55. Qxf7 Ne7 56. Qxh7 Ka7 57. Qe4 Kxa6 58. f4 Nc6 59.
g4 b5 60. g5 Kb6 61. g6 Ne7 62. g7 Kc5 63. Kf1 Qf6 64. Qe3+ Kc6 65. Qg3 Kc5 66.
Ke2 Qd6 67. Qe3+ Kc6 68. Qxd2 Qe6+ 69. Kf1 Qf6 70. Qg2+ Kb6 71. Qg5 Qd6 72.
Qxe7 Qxd1+ 73. Kf2 Qd2+ 74. Kf3 Qd1+ 75. Kg3 Qg1+ 76. Kh4 1-0

[Event "Klub Kölner SF 1 - SF Gerresheim 1"]
[Site "Oberliga NRW 2018/2019"]
[Date "2018.09.16"]
[Round "1.5"]
[White "Selten, Jan"]
[Black "Ludwig, Peter"]
[Result "1/2-1/2"]
[WhiteElo "2070"]
[BlackElo "2153"]
[PlyCount "37"]
[EventDate "2018.??.??"]
[WhiteTeam "SF Gerresheim 1"]
[BlackTeam "Klub Kölner SF 1"]

1. e4 e6 2. d4 d5 3. exd5 exd5 4. Nf3 Bd6 5. c4 Nf6 6. Nc3 O-O 7. Bg5 Re8+ 8.
Be2 dxc4 9. O-O Nbd7 10. Bxc4 Nb6 11. Bb3 Bg4 12. Qd3 Bh5 13. Rfe1 Bg6 14. Qd2
Qd7 15. Bxf6 gxf6 16. Qh6 Rxe1+ 17. Rxe1 Re8 18. Re3 c5 19. Rxe8+ 1/2-1/2

[Event "Klub Kölner SF 1 - SF Gerresheim 1"]
[Site "Oberliga NRW 2018/2019"]
[Date "2018.09.16"]
[Round "1.6"]
[White "Wisskirchen, Andreas"]
[Black "Koehler, Markus"]
[Result "1/2-1/2"]
[WhiteElo "2202"]
[BlackElo "2085"]
[PlyCount "117"]
[EventDate "2018.??.??"]
[WhiteTeam "Klub Kölner SF 1"]
[BlackTeam "SF Gerresheim 1"]

1. d4 Nf6 2. Nf3 g6 3. c4 Bg7 4. Nc3 O-O 5. e4 d6 6. Be2 c5 7. O-O cxd4 8. Nxd4
Nc6 9. Nc2 a5 10. Be3 Bd7 11. f3 Nb4 12. Nd4 Na6 13. Qd2 Nc5 14. Rfd1 Qb8 15.
Bg5 Ne6 16. Be3 Nc5 17. Ndb5 Bxb5 18. Nxb5 Nfd7 19. Bh6 Qd8 20. Bxg7 Kxg7 21.
Rac1 Qb6 22. Kh1 Ne6 23. f4 Nf6 24. Bf3 Nc5 25. Qe2 Rad8 26. Rd2 h5 27. Rcd1
Ne6 28. g3 h4 29. f5 Ng5 30. gxh4 Nxf3 31. Qxf3 Rh8 32. fxg6 fxg6 33. Rg2 Qc6
34. Nc3 Qxc4 35. Rdg1 Rh6 36. Qf5 Qf7 37. Qxa5 Rf8 38. Qg5 Nh5 39. Nd5 e6 40.
Ne3 Qf4 41. Ng4 Qxg5 42. hxg5 Rhh8 43. Rc2 Rf7 44. Nh6 Rd7 45. Rf1 Ra8 46. b4
d5 47. exd5 exd5 48. Ng4 Re8 49. b5 d4 50. Rd2 Re4 51. Nf6 Nxf6 52. gxf6+ Kf7
53. Kg2 Rd6 54. a4 Rxf6 55. Rxf6+ Kxf6 56. a5 Re5 57. Rxd4 Rxb5 58. a6 bxa6 59.
Rd6+ 1/2-1/2

[Event "Klub Kölner SF 1 - SF Gerresheim 1"]
[Site "Oberliga NRW 2018/2019"]
[Date "2018.09.16"]
[Round "1.7"]
[White "Sapkowski, Wieslaw"]
[Black "Schmidt, Martin"]
[Result "1/2-1/2"]
[WhiteElo "2027"]
[BlackElo "2204"]
[PlyCount "163"]
[EventDate "2018.??.??"]
[WhiteTeam "SF Gerresheim 1"]
[BlackTeam "Klub Kölner SF 1"]

1. e4 Nc6 2. Nf3 d6 3. d4 Bg4 4. c3 Nf6 5. Bd3 g6 6. Nbd2 Bg7 7. h3 Bd7 8. O-O
O-O 9. Re1 e5 10. Nf1 Nh5 11. Bc4 h6 12. Be3 Nf4 13. Ng3 Na5 14. Bf1 b5 15. b3
Nb7 16. Qd2 Qe7 17. Bxf4 exf4 18. Qxf4 Nd8 19. Bd3 c6 20. Rad1 a5 21. Qd2 c5
22. e5 b4 23. Ne4 bxc3 24. Qxc3 cxd4 25. Nf6+ Qxf6 26. exf6 dxc3 27. fxg7 Kxg7
28. Bc4 Be6 29. Bxe6 Nxe6 30. Re3 Rfc8 31. Rc1 Nf4 32. Kf1 Nd5 33. Rd3 Rc5 34.
a3 Rac8 35. g3 Kf6 36. Nd4 Ke7 37. Ne2 Ke6 38. Nd4+ Kd7 39. Rf3 f5 40. Rd3 Re8
41. Ne2 Rb8 42. Nd4 Rbc8 43. Ne2 c2 44. Rd2 Nc3 45. Nd4 Nb1 46. Rdxc2 Nd2+ 47.
Kg2 Rxc2 48. Rxc2 Rxc2 49. Nxc2 Nxb3 50. Kf3 Ke6 51. Ke3 Kd5 52. g4 fxg4 53.
hxg4 Kc4 54. f4 d5 55. f5 gxf5 56. gxf5 d4+ 57. Kf4 Nc5 58. Ke5 d3 59. Ne3+ Kc3
60. Kd5 Nd7 61. Ke6 Nf8+ 62. Kf7 Kd4 63. Nf1 Nd7 64. Ke6 Ne5 65. f6 h5 66. Kf5
h4 67. Kf4 Nf7 68. Kg4 Kc3 69. Kxh4 d2 70. Ne3 Kd3 71. Nd1 Kc2 72. Ne3+ Kc1 73.
Kh5 d1=Q+ 74. Nxd1 Kxd1 75. Kg6 Nd6 76. f7 Nxf7 77. Kxf7 Kc2 78. Ke6 Kb3 79.
Kd5 Kxa3 80. Kc4 a4 81. Kc3 Ka2 82. Kc2 1/2-1/2

[Event "Klub Kölner SF 1 - SF Gerresheim 1"]
[Site "Oberliga NRW 2018/2019"]
[Date "2018.09.16"]
[Round "1.8"]
[White "Graf, Peter"]
[Black "Yilmaz, Ahmet"]
[Result "1-0"]
[WhiteElo "1952"]
[BlackElo "1844"]
[PlyCount "77"]
[EventDate "2018.??.??"]
[WhiteTeam "Klub Kölner SF 1"]
[BlackTeam "SF Gerresheim 1"]

1. e4 e5 2. Nf3 Nc6 3. Bc4 Bc5 4. c3 Nf6 5. d3 d6 6. Nbd2 O-O 7. b4 Bb6 8. O-O
a6 9. h3 d5 10. Bb3 Re8 11. Bb2 dxe4 12. dxe4 Be6 13. Qe2 Nh5 14. Rfd1 Nf4 15.
Qf1 Qf6 16. Bxe6 Rxe6 17. g3 Ng6 18. Kg2 Qe7 19. Nc4 Ba7 20. a4 Nd8 21. Rd5 c6
22. Rd2 b5 23. Na5 Rd6 24. Rxd6 Qxd6 25. Rd1 Qc7 26. c4 Ne6 27. c5 Nxc5 28.
axb5 axb5 29. Rc1 Nxe4 30. Rxc6 Qe7 31. Qxb5 Rb8 32. Qd5 Nf6 33. Qd6 Qxd6 34.
Rxd6 Rxb4 35. Rd8+ Nf8 36. Nc6 Bc5 37. Ba3 N6d7 38. Bxb4 Bxb4 39. Nxb4 1-0

[Event "SV Dinslaken 1 - Bahn-SC Wuppertal 1"]
[Site "Oberliga NRW 2018/2019"]
[Date "2018.09.16"]
[Round "1.1"]
[White "Savchenko, Vyacheslav"]
[Black "Sielecki, Christof"]
[Result "1-0"]
[WhiteElo "2350"]
[BlackElo "2410"]
[Annotator "Daniel"]
[PlyCount "121"]
[EventDate "2018.??.??"]
[WhiteTeam "Bahn-SC Wuppertal 1"]
[BlackTeam "SV Dinslaken 1"]

1. e4 e5 2. Nf3 Nf6 3. Nxe5 d6 4. Nf3 Nxe4 5. Qe2 Qe7 6. d3 Nf6 7. Bg5 Qxe2+ 8.
Bxe2 Be7 9. Nc3 c6 10. O-O-O h6 11. Bh4 Na6 12. Rhe1 Nc7 13. Bf1 Ne6 14. Ne4
Nh5 15. Bxe7 Kxe7 16. d4 d5 $11 17. Nc5 Kd6 18. Ne5 Rf8 19. Nb3 Nf6 20. g3 Bd7
21. Re3 Rae8 22. Rde1 Bc8 23. Bd3 Kc7 24. f4 Nd8 25. f5 b6 26. g4 Nb7 27. h3
Nd6 28. Nd2 Nd7 29. Ndf3 f6 30. Ng6 Rxe3 31. Rxe3 Re8 32. Rxe8 Nxe8 33. Kd2 Nb8
34. Nf4 Ba6 35. Ne1 Kd6 36. b3 c5 37. c3 Bxd3 38. Nexd3 Nc6 39. Ke3 Nc7 40. Nh5
cxd4+ 41. cxd4 Ne8 42. h4 a5 43. a3 Na7 44. Ne1 Nb5 45. a4 Nc3 46. Nf3 Nd1+ 47.
Kf4 Nf2 48. Ne1 Ne4 49. Ke3 Nc3 50. Nd3 Ne4 51. Ndf4 Nc3 52. Kd3 Ne4 53. Ke3
Nc3 54. Ng3 Nd1+ 55. Kf3 Nc3 56. Nge2 Ne4 57. Ke3 Nc7 58. Nxd5 Nxd5+ 59. Kxe4
h5 60. gxh5 Kc6 61. Nf4 1-0

[Event "SV Dinslaken 1 - Bahn-SC Wuppertal 1"]
[Site "Oberliga NRW 2018/2019"]
[Date "2018.09.16"]
[Round "1.2"]
[White "Strijbos, Maarten"]
[Black "Biriukov, Nikolai"]
[Result "1/2-1/2"]
[WhiteElo "2329"]
[BlackElo "2377"]
[PlyCount "105"]
[EventDate "2018.??.??"]
[WhiteTeam "SV Dinslaken 1"]
[BlackTeam "Bahn-SC Wuppertal 1"]

1. e4 c5 2. Nf3 a6 3. c4 e6 4. Nc3 Qc7 5. Be2 d6 6. d4 cxd4 7. Nxd4 Nf6 8. O-O
Be7 9. Be3 O-O 10. Rc1 Nbd7 11. f4 b6 12. Bf3 Bb7 13. f5 e5 14. Nde2 Rfc8 15.
b3 Qd8 16. Ng3 Ne8 17. Qd2 h6 18. Rfd1 Bg5 19. Nf1 Bxe3+ 20. Nxe3 Ndf6 21. g4
b5 22. Qf2 Qb6 23. h4 b4 24. Ncd5 Bxd5 25. cxd5 Qd8 26. Nc4 Nd7 27. Kg2 Rc5 28.
Rh1 Rac8 29. Qd2 Nb6 30. Qxb4 Nxc4 31. bxc4 Qa5 32. Qxa5 Rxa5 33. Rc2 Ra4 34.
Rhc1 Rc5 35. g5 hxg5 36. hxg5 Rca5 37. Ra1 Kf8 38. Be2 Rb4 39. Rd1 Ke7 40. Rdd2
Nc7 41. Kf3 Kd7 42. Ke3 Ra3+ 43. Rd3 Raa4 44. Rdc3 Ra5 45. Bg4 Ke7 46. Be2 Kd7
47. Bd3 Rba4 48. c5 Rxc5 49. Rxc5 dxc5 50. Rxc5 Rxa2 51. f6 Rg2 52. fxg7 Rxg5
53. Ra5 1/2-1/2

[Event "SV Dinslaken 1 - Bahn-SC Wuppertal 1"]
[Site "Oberliga NRW 2018/2019"]
[Date "2018.09.16"]
[Round "1.3"]
[White "Savchenko, Aleksij"]
[Black "Welzel, Philipp"]
[Result "0-1"]
[WhiteElo "2284"]
[BlackElo "2199"]
[Annotator "Daniel"]
[PlyCount "72"]
[EventDate "2018.??.??"]
[WhiteTeam "Bahn-SC Wuppertal 1"]
[BlackTeam "SV Dinslaken 1"]

1. Nf3 d5 2. d4 Nf6 3. Bf4 c5 4. e3 Nc6 5. Nc3 cxd4 6. Nxd4 a6 7. Be2 e6 8. O-O
Bd6 9. Nxc6 bxc6 10. Bxd6 Qxd6 11. Na4 O-O 12. c4 a5 13. Rc1 Ba6 14. b3 Qb4 15.
cxd5 Bxe2 16. Qxe2 cxd5 $11 17. Rc6 Rac8 18. Rfc1 Rxc6 19. Rxc6 h6 20. h3 Rb8
21. Nc5 Qc3 22. Na6 Qxc6 23. Nxb8 Qc1+ 24. Qf1 Qc2 25. Qb5 Qxa2 26. Nc6 Ne4 27.
Qb8+ Kh7 28. Qf4 Qd2 29. f3 Nc3 30. Nd4 Nd1 31. Nf5 Qc1 32. Kh2 exf5 33. Qxf5+
Kg8 34. Qxd5 Nxe3 35. Qa8+ Kh7 36. Qe4+ f5 0-1

[Event "SV Dinslaken 1 - Bahn-SC Wuppertal 1"]
[Site "Oberliga NRW 2018/2019"]
[Date "2018.09.16"]
[Round "1.4"]
[White "Mundorf, Johannes"]
[Black "Ries, Benjamin"]
[Result "1-0"]
[WhiteElo "2169"]
[BlackElo "2261"]
[PlyCount "85"]
[EventDate "2018.??.??"]
[WhiteTeam "SV Dinslaken 1"]
[BlackTeam "Bahn-SC Wuppertal 1"]

1. Nf3 d5 2. g3 Bg4 3. Bg2 c6 4. d4 Nf6 5. O-O e6 6. c4 Nbd7 7. cxd5 cxd5 8.
Bf4 Be7 9. Qb3 Qb6 10. Rc1 Bxf3 11. Bxf3 Qxd4 12. Qxb7 O-O 13. Be3 Qa4 14. b3
Qa5 15. Bd2 Qd8 16. Bb4 a5 17. Bxe7 Qxe7 18. Nc3 Rfb8 19. Qc7 Ne8 20. Qf4 Rb4
21. Qd2 Ne5 22. Bg2 Rd8 23. Na4 f5 24. Nc5 Nf6 25. Nd3 Ne4 26. Qe1 Nxd3 27.
exd3 Nf6 28. Rc6 e5 29. Rac1 e4 30. Rc7 Rd7 31. Rc8+ Kf7 32. dxe4 dxe4 33. Bf1
Ng4 34. R1c5 Ne5 35. Qc3 Rbd4 36. Qxa5 Nf3+ 37. Kg2 g6 38. Qc3 Qg5 39. R5c7 Qd2
40. Rxd7+ Rxd7 41. Bc4+ Ke7 42. Qg7+ Kd6 43. Qf6# 1-0

[Event "SV Dinslaken 1 - Bahn-SC Wuppertal 1"]
[Site "Oberliga NRW 2018/2019"]
[Date "2018.09.16"]
[Round "1.5"]
[White "Khanukov, Boris"]
[Black "Ossig, Rainer"]
[Result "0-1"]
[WhiteElo "2171"]
[BlackElo "2159"]
[PlyCount "144"]
[EventDate "2018.??.??"]
[WhiteTeam "Bahn-SC Wuppertal 1"]
[BlackTeam "SV Dinslaken 1"]

1. d4 e6 2. Nf3 f5 3. g3 Nf6 4. Bg2 d5 5. O-O Bd6 6. b3 Qe7 7. Bb2 b6 8. c4 c6
9. Nbd2 Bb7 10. Rc1 O-O 11. Ne5 Na6 12. e3 Rac8 13. Qe2 Nb8 14. Rfd1 Ba6 15. f3
Nfd7 16. Qf2 Nxe5 17. dxe5 Bc5 18. Bd4 Ba3 19. Rc2 Rfd8 20. cxd5 cxd5 21. Nb1
Rxc2 22. Qxc2 Rc8 23. Qd2 Bb4 24. Qb2 Qc7 25. a3 Bc5 26. b4 Bxd4 27. exd4 Qc2
28. Rd2 Qc1+ 29. Kf2 Bb5 30. Qb3 a6 31. Qb2 Kf7 32. f4 Ke7 33. Qxc1 Rxc1 34.
Rb2 Nc6 35. Ke3 Rd1 36. Bf3 Rd3+ 37. Kf2 Nxd4 38. Bg2 Kd7 39. Ra2 Bc4 40. Rb2
Kc7 41. a4 Rb3 42. Rxb3 Bxb3 43. Nc3 Nc2 44. b5 a5 45. Bf1 d4 46. Nb1 Ne3 47.
Bd3 Bxa4 48. Na3 Bb3 49. Ke1 Bd5 50. Kd2 Be4 51. Be2 Kd7 52. Bc4 g5 53. fxg5
Ng4 54. h4 Nxe5 55. Be2 Bd5 56. h5 Kd6 57. h6 Ng6 58. Bh5 Nf8 59. Bf7 e5 60.
Nc4+ Bxc4 61. Bxc4 Ke7 62. Bg8 Ng6 63. Kd3 Kf8 64. Bb3 Ne7 65. Be6 a4 66. Kc4
a3 67. Kb3 e4 68. Kxa3 e3 69. Bc4 Ng6 70. Kb3 Ne5 71. Bf1 Kf7 72. Be2 Kg6 0-1

[Event "SV Dinslaken 1 - Bahn-SC Wuppertal 1"]
[Site "Oberliga NRW 2018/2019"]
[Date "2018.09.16"]
[Round "1.6"]
[White "Borchert, Rene"]
[Black "Savchenko, Daniel"]
[Result "1-0"]
[WhiteElo "2139"]
[BlackElo "2105"]
[PlyCount "73"]
[EventDate "2018.??.??"]
[WhiteTeam "SV Dinslaken 1"]
[BlackTeam "Bahn-SC Wuppertal 1"]

1. e4 c5 2. c3 d5 3. exd5 Qxd5 4. d4 Nf6 5. Nf3 Nc6 6. Be3 Bg4 7. c4 Qh5 8. d5
Ne5 9. Be2 Nfd7 10. Nbd2 Qf5 11. Qb3 Bxf3 12. Nxf3 b6 13. Rd1 g6 14. Nxe5 Qxe5
15. Bd2 Qd6 16. Bc3 Rg8 17. O-O h5 18. Rfe1 Bg7 19. Bxg7 Rxg7 20. Bf3 Ne5 21.
Re2 Nxf3+ 22. Qxf3 O-O-O 23. Rde1 Re8 24. Qh3+ Kc7 25. Qh4 Kd7 26. Qh3+ Kc7 27.
Qa3 Kb7 28. Qc3 Rgg8 29. Qf3 Rgf8 30. Rxe7+ Rxe7 31. Rxe7+ Ka8 32. Rxf7 Re8 33.
g3 h4 34. gxh4 g5 35. hxg5 Rh8 36. Qf4 Qg6 37. d6 1-0

[Event "SV Dinslaken 1 - Bahn-SC Wuppertal 1"]
[Site "Oberliga NRW 2018/2019"]
[Date "2018.09.16"]
[Round "1.7"]
[White "Tueckmantel, Rene"]
[Black "Sonnenschein, Philipp"]
[Result "1-0"]
[WhiteElo "2121"]
[BlackElo "2096"]
[Annotator "Daniel"]
[PlyCount "195"]
[EventDate "2018.??.??"]
[WhiteTeam "Bahn-SC Wuppertal 1"]
[BlackTeam "SV Dinslaken 1"]

1. Nf3 c5 2. g3 d5 3. d3 Nc6 4. Nbd2 e5 5. e4 d4 6. Bg2 Nf6 7. O-O Be7 8. Nc4
Qc7 9. a4 O-O 10. Nh4 Re8 11. Nf5 Bf8 12. Bg5 Nd7 13. a5 Rb8 14. Bd2 b5 15.
axb6 axb6 16. Qg4 Nf6 17. Qh4 b5 18. Na5 Nb4 19. Bxb4 cxb4 20. Rfc1 Ra8 21. Nb3
Be6 22. Rab1 Nd7 23. Qg5 Rec8 24. Bh3 Kh8 25. Bg2 Nb6 26. Nbxd4 exd4 27. Nxd4
Qc5 28. Nxe6 fxe6 29. e5 Ra7 30. c3 Rf7 31. d4 Qe7 32. Qg4 bxc3 33. bxc3 Na4
34. Rb3 b4 35. c4 Nb6 36. c5 Nd7 37. Rxb4 Nxe5 38. dxe5 Rxc5 39. Re1 Rxe5 40.
Rxe5 Qxb4 41. Qxb4 Bxb4 42. Rxe6 Bc5 $11 43. Re2 g6 44. Bd5 Rf5 45. Be4 Rf7 46.
Kg2 Kg7 47. f4 Re7 48. Kf3 Kf6 49. Rc2 Bd4 50. h4 Kg7 51. Rc8 Bf6 52. Bd5 h5
53. Rg8+ Kh7 54. Rc8 Ra7 55. Rc6 Kg7 56. Bb3 Rb7 57. Bc2 Re7 58. Be4 Re8 59.
Bd5 Re7 60. Bc4 Ra7 61. Ba6 Re7 62. Bc8 Ra7 63. Be6 Ra3+ 64. Kg2 Ra7 65. f5
gxf5 66. Bxf5 Ra2+ 67. Kf3 Ra7 68. Kf4 Re7 69. Be6 Kg6 70. Bb3 Re5 71. Bc2+ Kf7
72. Rc7+ Kg8 73. Bb3+ Kh8 74. Rf7 Rb5 75. Rxf6 Rxb3 76. Rh6+ Kg7 77. Rxh5 Rb4+
78. Kf3 Rb3+ 79. Kg4 Rb4+ 80. Kh3 Kg6 81. Ra5 Rc4 82. h5+ Kh6 83. g4 Rc1 84.
Ra6+ Kg7 85. Kh4 Rc5 86. h6+ Kh7 87. g5 Rc8 88. Kh5 Rc5 89. Ra7+ Kg8 90. Re7
Rb5 91. Kg6 Rb6+ 92. Kf5 Rb5+ 93. Kf6 Rb6+ 94. Re6 Rb8 95. g6 Rf8+ 96. Kg5 Ra8
97. h7+ Kg7 98. Re7+ 1-0

[Event "SV Dinslaken 1 - Bahn-SC Wuppertal 1"]
[Site "Oberliga NRW 2018/2019"]
[Date "2018.09.16"]
[Round "1.8"]
[White "Bergmans, Dirk"]
[Black "Patscha, Elias"]
[Result "1/2-1/2"]
[WhiteElo "2044"]
[BlackElo "2022"]
[Annotator "Daniel"]
[PlyCount "76"]
[EventDate "2018.??.??"]
[WhiteTeam "SV Dinslaken 1"]
[BlackTeam "Bahn-SC Wuppertal 1"]

1. d4 d5 2. Bf4 Bf5 3. e3 e6 4. c4 Bxb1 5. Qxb1 Bb4+ 6. Kd1 Nf6 7. Bd3 dxc4 8.
Bxc4 Nh5 9. Bg3 Nxg3 10. hxg3 h6 11. Qe4 c6 12. Nf3 Nd7 13. Ne5 Nf6 14. Qc2 Bd6
15. Nd3 Qa5 16. Ke2 Qf5 17. Rac1 O-O 18. Nf4 Qg4+ 19. Kf1 Nd5 20. Be2 Qg5 21.
Qe4 Nf6 22. Qc2 Rfe8 23. a3 Qa5 24. Bc4 $11 Rac8 25. Ba2 c5 26. d5 Bxf4 27.
dxe6 fxe6 28. gxf4 Kh8 29. Bb1 Rcd8 30. Qg6 Qb5+ 31. Kg1 Qxb2 32. Rf1 Rf8 33.
g4 Qe2 34. Rxh6+ gxh6 35. Qxh6+ Kg8 36. Qg6+ Kh8 37. Qh6+ Kg8 38. Qg6+ Kh8
1/2-1/2

[Event "SG Bochum 1 - Bahn-SC Wuppertal 1"]
[Site "Oberliga NRW 2018/2019"]
[Date "2018.10.14"]
[Round "2.2"]
[White "Kotainy, Jens"]
[Black "Biriukov, Nikolai"]
[Result "1/2-1/2"]
[WhiteElo "2428"]
[BlackElo "2357"]
[PlyCount "89"]
[EventDate "2018.??.??"]
[WhiteTeam "SG Bochum 1"]
[BlackTeam "Bahn-SC Wuppertal 1"]

1. d4 c5 2. d5 Nf6 3. Nc3 e6 4. e4 exd5 5. exd5 d6 6. Bb5+ Bd7 7. Be2 Be7 8. h3
O-O 9. Nf3 Na6 10. O-O Nc7 11. a4 b6 12. Ne1 a6 13. Bf3 b5 14. g4 Rb8 15. Ng2
bxa4 16. Nxa4 Rb4 17. c3 Rxa4 18. Rxa4 Bxa4 19. Qxa4 Nfxd5 20. Rd1 Nb6 21. Qc6
Nc4 22. Be4 Ne5 23. Qa4 Qd7 24. Qc2 g6 25. f4 Nc4 26. Qe2 Nb6 27. Ne3 Rd8 28.
Qf3 Qe6 29. f5 Qf6 30. g5 Qxg5+ 31. Ng4 Qh4 32. Bf4 Nc4 33. fxg6 hxg6 34. Nh6+
Kg7 35. Nxf7 Rf8 36. Qg2 Qh5 37. Bf3 Qf5 38. Bh6+ Kxf7 39. Rf1 Kg8 40. Be2 Ne3
41. Rxf5 Nxg2 42. Bxf8 Bxf8 43. Bc4+ d5 44. Rxd5 Nxd5 45. Kxg2 1/2-1/2

[Event "SG Bochum 1 - Bahn-SC Wuppertal 1"]
[Site "Oberliga NRW 2018/2019"]
[Date "2018.10.14"]
[Round "2.3"]
[White "Savchenko, Aleksij"]
[Black "Schlawin, Marlon"]
[Result "1/2-1/2"]
[WhiteElo "2284"]
[BlackElo "2286"]
[PlyCount "33"]
[EventDate "2018.??.??"]
[WhiteTeam "Bahn-SC Wuppertal 1"]
[BlackTeam "SG Bochum 1"]

1. e4 Nf6 2. e5 Nd5 3. d4 d6 4. Nf3 g6 5. Bc4 c6 6. Qe2 Bg7 7. Nc3 O-O 8. h3
Be6 9. Ne4 dxe5 10. Nxe5 Nd7 11. Nxd7 Bxd7 12. c3 Qc7 13. Nc5 Bf5 14. O-O e5
15. g4 Bc8 16. dxe5 Qxe5 17. Qxe5 1/2-1/2

[Event "SG Bochum 1 - Bahn-SC Wuppertal 1"]
[Site "Oberliga NRW 2018/2019"]
[Date "2018.10.14"]
[Round "2.4"]
[White "Koellner, Ruben Gideon"]
[Black "Bashilin, Roman"]
[Result "1/2-1/2"]
[WhiteElo "2197"]
[BlackElo "2218"]
[PlyCount "49"]
[EventDate "2018.??.??"]
[WhiteTeam "SG Bochum 1"]
[BlackTeam "Bahn-SC Wuppertal 1"]

1. d4 d5 2. Bf4 c6 3. e3 Bf5 4. c4 e6 5. Qb3 Qb6 6. c5 Qxb3 7. axb3 Nd7 8. b4
Bxb1 9. Rxb1 a6 10. Ra1 Rc8 11. Nf3 Be7 12. Bd3 Ngf6 13. h3 O-O 14. Nd2 Rfe8
15. Bh2 Bd8 16. f4 Nf8 17. g4 N6d7 18. g5 Ng6 19. Nf3 Ne7 20. Bg3 Nf5 21. Bf2
Bc7 22. Kd2 Kf8 23. h4 Ke7 24. h5 g6 25. hxg6 1/2-1/2

[Event "SG Bochum 1 - Bahn-SC Wuppertal 1"]
[Site "Oberliga NRW 2018/2019"]
[Date "2018.10.14"]
[Round "2.5"]
[White "Ries, Benjamin"]
[Black "Hengelbrock, Joachim"]
[Result "0-1"]
[WhiteElo "2261"]
[BlackElo "2249"]
[PlyCount "86"]
[EventDate "2018.??.??"]
[WhiteTeam "Bahn-SC Wuppertal 1"]
[BlackTeam "SG Bochum 1"]

1. e4 c5 2. Nf3 e6 3. d4 cxd4 4. Nxd4 a6 5. Bd3 Qc7 6. O-O Nf6 7. Qf3 Bc5 8.
Nb3 Be7 9. Nc3 Nc6 10. Kh1 d6 11. Qg3 Nh5 12. Qh3 Nf6 13. f4 Bd7 14. Qg3 g6 15.
Be3 Nb4 16. e5 Nh5 17. Qf2 O-O 18. Rad1 Nxd3 19. Rxd3 Bb5 20. Nxb5 axb5 21. Bb6
Qb8 22. Qe2 Ng7 23. Nd4 Ra6 24. Qf2 Rxb6 25. Nxe6 Ra6 26. Nxf8 Qxf8 27. a3 h5
28. Rd5 dxe5 29. Rxb5 e4 30. Rxb7 Nf5 31. Re1 e3 32. Qf3 Bf6 33. c3 Rd6 34. Rb5
Rd2 35. h3 Qd8 36. Rxf5 gxf5 37. Rxe3 Rxb2 38. Qxh5 Rb5 39. Qe2 Rb8 40. c4 Qd4
41. Rf3 Rb1+ 42. Rf1 Qe4 43. Qf2 Bd4 0-1

[Event "SG Bochum 1 - Bahn-SC Wuppertal 1"]
[Site "Oberliga NRW 2018/2019"]
[Date "2018.10.14"]
[Round "2.6"]
[White "Tkachuk, Konstantyn"]
[Black "Khanukov, Boris"]
[Result "1-0"]
[WhiteElo "2262"]
[BlackElo "2171"]
[PlyCount "105"]
[EventDate "2018.??.??"]
[WhiteTeam "SG Bochum 1"]
[BlackTeam "Bahn-SC Wuppertal 1"]

1. e4 g6 2. d4 Bg7 3. f4 c6 4. Nf3 d5 5. e5 Nh6 6. c3 O-O 7. Be2 f6 8. O-O b6
9. h3 Nf7 10. Be3 Ba6 11. Nbd2 Bxe2 12. Qxe2 fxe5 13. fxe5 e6 14. Nh2 Nd7 15.
Ndf3 a5 16. Qd2 c5 17. Rf2 cxd4 18. cxd4 Qe7 19. Raf1 b5 20. Ng4 h5 21. Nh6+
Nxh6 22. Bxh6 Rf5 23. g4 hxg4 24. hxg4 Rf7 25. Rh2 Nf8 26. Bxg7 Rxg7 27. Ng5
Rc8 28. Rf6 Qb4 29. Qxb4 axb4 30. Nxe6 Rc1+ 31. Kf2 Nxe6 32. Rxe6 Rf7+ 33. Rf6
Rxf6+ 34. exf6 g5 35. Rh5 Kf7 36. Rxg5 Kxf6 37. Rxd5 Rc2+ 38. Ke3 Rxb2 39. Rxb5
Rxa2 40. Rxb4 Kg5 41. d5 Ra3+ 42. Ke4 Kf6 43. Rd4 Ke7 44. d6+ Kd7 45. Kf5 Ra8
46. Kf6 Rf8+ 47. Kg7 Rf1 48. g5 Rf2 49. g6 Rf1 50. Kh8 Rh1+ 51. Kg8 Rg1 52. g7
Rg2 53. Rh4 1-0

[Event "SG Bochum 1 - Bahn-SC Wuppertal 1"]
[Site "Oberliga NRW 2018/2019"]
[Date "2018.10.14"]
[Round "2.7"]
[White "Savchenko, Daniel"]
[Black "Tkachuk, Sergij"]
[Result "0-1"]
[WhiteElo "2105"]
[BlackElo "2178"]
[PlyCount "112"]
[EventDate "2018.??.??"]
[WhiteTeam "Bahn-SC Wuppertal 1"]
[BlackTeam "SG Bochum 1"]

1. e4 c5 2. Nf3 d6 3. d4 cxd4 4. Nxd4 Nf6 5. Nc3 g6 6. f4 Nc6 7. Nf3 Bg7 8. Bd3
O-O 9. O-O Nb4 10. Bc4 a6 11. a4 Qc7 12. Bb3 Bd7 13. Kh1 Rad8 14. Qe2 e6 15.
Nh4 Bc6 16. f5 exf5 17. exf5 d5 18. fxg6 fxg6 19. Bf4 Qd7 20. Bg5 Rde8 21. Qd2
a5 22. Rae1 Rxe1 23. Rxe1 Kh8 24. Nf3 Qc7 25. Bf4 Qd7 26. Be5 Qf5 27. Nd4 Qd7
28. Qf4 Kg8 29. Qg5 Rf7 30. h3 Ne8 31. Bxg7 Nxg7 32. Nd1 Nf5 33. Nf3 Re7 34.
Rxe7 Qxe7 35. Qxe7 Nxe7 36. Ne3 Kg7 37. Kg1 Na6 38. Nd4 Nc5 39. Nxc6 bxc6 40.
Kf2 Kf6 41. Kf3 Nxb3 42. cxb3 Ke5 43. Ng4+ Kd4 44. Ke2 Kc5 45. Kd3 Kb4 46. Kc2
Nf5 47. Ne5 Nd4+ 48. Kd3 c5 49. Nd7 Nxb3 50. Nf6 c4+ 51. Kc2 d4 52. Nxh7 d3+
53. Kd1 Nd4 54. Nf6 Kb3 55. Ne4 Kxb2 56. Nc5 Nb3 0-1

[Event "SG Bochum 1 - Bahn-SC Wuppertal 1"]
[Site "Oberliga NRW 2018/2019"]
[Date "2018.10.14"]
[Round "2.8"]
[White "Stricker, Florian"]
[Black "Patscha, Elias"]
[Result "0-1"]
[WhiteElo "2037"]
[BlackElo "2022"]
[PlyCount "84"]
[EventDate "2018.??.??"]
[WhiteTeam "SG Bochum 1"]
[BlackTeam "Bahn-SC Wuppertal 1"]

1. Nf3 d5 2. g3 Nf6 3. Bg2 Bf5 4. d4 e6 5. O-O Be7 6. b3 O-O 7. Bb2 Nbd7 8.
Nbd2 h6 9. c4 c6 10. Ne5 a5 11. Re1 Bh7 12. Rc1 a4 13. Nxd7 Nxd7 14. e4 Nf6 15.
e5 Nd7 16. Bh3 axb3 17. axb3 Ra2 18. Bc3 Qb6 19. Bf1 Bb4 20. Bxb4 Qxb4 21. Nf3
Rb2 22. Re3 Ra8 23. Bd3 Bxd3 24. Qxd3 Raa2 25. cxd5 cxd5 26. Rc8+ Nf8 27. Qc3
Qxc3 28. Rcxc3 Rxf2 29. Rc7 Rg2+ 30. Kf1 g5 31. Rxb7 g4 32. Nh4 Rxh2 33. Kg1
Rhd2 34. Kf1 Rxd4 35. Re2 Ra1+ 36. Re1 Ra3 37. Ng2 Ng6 38. Ne3 Re4 39. Nc2
Rxe1+ 40. Kxe1 Ra2 41. Kd2 Nxe5 42. Kc3 h5 0-1

[Event "SF Gerresheim 1 - SV Dinslaken 1"]
[Site "Oberliga NRW 2018/2019"]
[Date "2018.10.14"]
[Round "2.1"]
[White "Sielecki, Christof"]
[Black "Dresen, Ulrich"]
[Result "1/2-1/2"]
[WhiteElo "2410"]
[BlackElo "2196"]
[PlyCount "115"]
[EventDate "2018.??.??"]
[WhiteTeam "SV Dinslaken 1"]
[BlackTeam "SF Gerresheim 1"]

1. Nf3 d5 2. e3 Nf6 3. c4 e6 4. b3 Be7 5. Bb2 O-O 6. Nc3 c5 7. cxd5 Nxd5 8.
Nxd5 Qxd5 9. Bc4 Qd8 10. Qc2 Nc6 11. h4 Qd6 12. g4 Nb4 13. Qe4 Qc6 14. Qxc6
Nxc6 15. g5 a6 16. h5 b5 17. Bd3 Bb7 18. Be4 f5 19. gxf6 Bxf6 20. Bxf6 Rxf6 21.
Rc1 Nd8 22. Bxb7 Nxb7 23. Ne5 Rd8 24. f4 Rd5 25. Ke2 Rf8 26. Rhg1 Rc8 27. d3
Nd8 28. e4 Rd4 29. Rg5 Nb7 30. Ke3 Rdd8 31. Rg2 Rc7 32. Rgc2 b4 33. a3 bxa3 34.
Ra2 a5 35. Rxa3 Rd4 36. Rxc5 Rxe4+ 37. dxe4 Rxc5 38. b4 Rb5 39. Rc3 g5 40. h6
Nd6 41. Rc6 Ne8 42. Rxe6 gxf4+ 43. Kxf4 Kf8 44. bxa5 Rxa5 45. Rb6 Ra7 46. Rb8
Rc7 47. Ng4 Rf7+ 48. Kg5 Ke7 49. e5 Nc7 50. Rb7 Kd7 51. Nf6+ Ke6 52. Ng4 Kd5
53. Kh4 Kc6 54. Ra7 Kd5 55. Ra5+ Ke6 56. Rc5 Kf5 57. Rc1 Ne6 58. Rf1+ 1/2-1/2